| 000 | 00710nam a2200181 a 4500 | ||
|---|---|---|---|
| 003 | 0 | ||
| 005 | 20250528152306.0 | ||
| 008 | 021122s19uu xx 00 eng d | ||
| 050 |
_aPHS HQ 755.8 _b.L44 2002 |
||
| 100 | _aLee, Hye Won. | ||
| 245 |
_aParent-child relationship among Korean students in middle and high school levels of Brent International School (South Campus) / _cHye Won Lee. |
||
| 260 |
_aLas PiƱas City, Philippines : _bSouthville International School and Colleges, _c2002. |
||
| 300 |
_a29 pages ; _c28 cm. |
||
| 504 | _aIncludes bibliographical references. | ||
| 650 |
_aParent and child _zKorea. |
||
| 650 |
_aMiddle school students _zPhilippines _xFamily relationships. |
||
| 942 |
_2lcc _cPASS |
||
| 999 |
_c96714 _d96714 |
||